000 00493nam a2200169Ia 4500
999 _c29870
_d29870
003 OSt
005 20260305114717.0
008 190216s9999||||xx |||||||||||||| ||und||
040 _coclc
082 _a894.8123
_bNAI/M
100 1 _aVāsudēvan Nāyar, Eṃ. Ti.,
_d1933-
_99426
245 0 _aManju /
_cM T Vasudevan Nair
260 _bPoorna Publications,
_c1995.
_aKottayam:
300 _a107p
650 _aNovel
942 _cBK
_2ddc
_h894.8123
_iNAI/M
_k894.8123
_mNAI/M